[Event "4th Golden Autumn"]
[Site "Alushta UKR"]
[Date "2001.10.20"]
[Round "?"]
[White "Bets,A"]
[Black "Gasanov,E"]
[Result "1/2-1/2"]
[WhiteElo "2376"]
[BlackElo "2440"]

1.c4 g6 2.Nc3 Bg7 3.d4 Nf6 4.e4 d6 5.Be2 O-O 6.Nf3 e5 7.O-O Nh5 8.Re1 Nf4
9.Bf1 Bg4 10.dxe5 dxe5 11.Qxd8 Rxd8 12.Nd5 Bxf3 13.gxf3 Ne6 14.Bh3 Na6 15.Be3 Nd4
16.Bxd4 exd4 17.Rad1 c6 18.Nf4 Nc5 19.Nd3 Nxd3 20.Rxd3 Be5 21.c5 b6 22.Rc1 Rab8
23.b3 Kg7 24.cxb6 Rxb6 25.Rc4 Ra6 26.a4 Rb6 27.b4 Rdb8 28.f4 Bxf4 29.Rdxd4 Be5
30.Rd7 Rxb4 31.Be6 R4b7 32.Rxc6 Rxd7 33.Bxd7 Rd8 34.Bc8 Rd2 35.Kf1 Bxh2 36.Ba6 Be5
37.Be2 Ra2 38.Ra6 Bd4 39.a5 h5 40.Rd6 Bc5 41.Rd7 Rxa5 42.Bc4 Ra1+ 43.Kg2 a5
44.Rxf7+ Kh8 45.Rc7 Bb4  1/2-1/2

[Event "6th Wichern Open"]
[Site "Hamburg GER"]
[Date "2001.10.20"]
[Round "8"]
[White "Gershon,A"]
[Black "Berger,Stev"]
[Result "1-0"]
[WhiteElo "2556"]
[BlackElo "2348"]

1.d4 g6 2.c4 Bg7 3.Nc3 d6 4.e4 Nf6 5.Be2 O-O 6.Nf3 e5 7.Be3 Nc6 8.d5 Ne7
9.Nd2 Nd7 10.O-O f5 11.f3 f4 12.Bf2 g5 13.b4 Ng6 14.c5 Nf6 15.Nc4 Rf7 16.cxd6 cxd6
17.Nb5 Bf8 18.Nxa7 Bd7 19.a4 g4 20.Bb6 Qe7 21.Nb5 g3 22.h3 Ne8 23.Re1 Nh4
24.Bf1 Rg7 25.Re2 Bxh3 26.gxh3 Nxf3+ 27.Kh1 Qh4 28.Ra3 Ng5 29.Nd2 Nxh3 30.Bxh3 Qxh3+
31.Kg1 Ra6 32.a5 Rg6 33.Qf1 Qd7 34.Nc3 Be7 35.b5 Ra8 36.Nf3 Kh8 37.Rc2 Nc7
38.a6 bxa6 39.bxa6 g2 40.Rxg2 Rag8 41.Rxg6 Rxg6+ 42.Kh1 Rh6+ 43.Nh2  1-0

[Event "Essent Open"]
[Site "Hoogeveen NED"]
[Date "2001.10.20"]
[Round "9"]
[White "Van Kooten,L"]
[Black "Boersma,J"]
[Result "1/2-1/2"]
[WhiteElo "2252"]
[BlackElo "2193"]

1.d4 Nf6 2.c4 g6 3.Nc3 Bg7 4.e4 O-O 5.Nf3 d6 6.Be2 Nbd7 7.O-O e5 8.Re1 c6
9.Bf1 a6 10.Rb1 b5 11.a3 Bb7 12.h3 exd4 13.Nxd4 Re8 14.Nc2 Nc5 15.f3 Nh5
16.Be3 Be5 17.cxb5 axb5 18.Ne2 Ne6 19.Qd2 Qf6 20.Nb4 g5 21.Nd3 h6 22.Nf2 Nhf4
23.Ng4 Qg7 24.Bf2 h5 25.Ne3 Nxe2+ 26.Bxe2 Nf4 27.Nf5 Qf6 28.Bf1 h4 29.Nd4 Rad8
30.Ne2 d5 31.Bb6 dxe4 32.Bxd8 Rxd8 33.Qe3 c5 34.fxe4 Nxe2+ 35.Qxe2 Qf4 36.g3 Qxg3+
37.Qg2 Rd2 38.Qxg3 hxg3 39.Bg2 Bxb2 40.Red1 Bd4+ 41.Kh1 Rxg2 42.Kxg2 Bxe4+
43.Kxg3 Bc6 44.Rxd4 cxd4 45.Rc1 Be8 46.Kg4 f6 47.Kf5 Kg7 48.Rc7+ Bf7 49.Rb7 d3
50.Rd7 d2 51.Rxd2 Bg6+ 52.Ke6 Bf7+ 53.Ke7 f5 54.Rg2 Kg6 55.h4 g4 56.h5+ Kxh5
57.Kf6 Kh4 58.Kxf5 Kh3 59.Rxg4 Be6+ 60.Kxe6 Kxg4 61.Ke5 Kg5 62.Kd5 Kf6 63.Kd6 Kf7
64.Kc5 Ke7 65.Kxb5 Kd7 66.Kb6  1/2-1/2

[Event "WYB16"]
[Site "Oropesa del Mar ESP"]
[Date "2001.10.22"]
[Round "2"]
[White "Khamzin,O"]
[Black "Moradiabadi,E"]
[Result "1-0"]
[WhiteElo "2242"]
[BlackElo "2389"]

1.d4 Nf6 2.c4 g6 3.Nc3 Bg7 4.e4 d6 5.Be2 O-O 6.Nf3 e5 7.O-O Na6 8.Be3 Ng4
9.Bg5 Qe8 10.d5 f5 11.Ne1 h6 12.Bd2 Nf6 13.f3 fxe4 14.fxe4 Nc5 15.Bf3 a5
16.Rb1 Bd7 17.Qe2 g5 18.h3 Qg6 19.g4 Rf7 20.Ng2 Raf8 21.b3 Ne8 22.Ne3 Nd3
23.Qxd3 Rxf3 24.Rxf3 Rxf3 25.Kg2 Rf7 26.Nf5 Bf6 27.Ne2 b6 28.Neg3 Bd8 29.a3 Nf6
30.b4 axb4 31.axb4 h5 32.Ra1 Rf8 33.Ra8 Kh7 34.Qe2 h4 35.Nh1 Bxf5 36.gxf5 Qg8
37.Nf2 Be7 38.Ra7 Rc8 39.Be3 Qd8 40.Kh2 Kh6 41.Ng4+ Nxg4+ 42.Qxg4 Ra8 43.Rxa8 Qxa8
44.Qxh4+ Kg7 45.Qh5 Qa2+ 46.Kg3 Qb3 47.Qe2 Qxb4 48.Bd2 Qb1 49.Kg4 Kh6 50.f6 Bxf6
51.Kf5 Kg7 52.Qh5 Bd8 53.Bxg5 Bxg5 54.Qxg5+ Kh7 55.Qg6+ Kh8 56.Qe8+ Kh7 57.Qf7+ Kh8
58.Qxc7 Qf1+ 59.Ke6 Qxh3+ 60.Kxd6 Qh6+ 61.Kd7 Qh7+ 62.Kc8 Qxe4 63.d6 Qa8+
64.Kd7 Qg8  1-0

[Event "WYB18"]
[Site "Oropesa del Mar ESP"]
[Date "2001.10.22"]
[Round "2"]
[White "Flumbort,A"]
[Black "Teterev,V"]
[Result "1/2-1/2"]
[WhiteElo "2434"]
[BlackElo "2301"]

1.d4 Nf6 2.c4 g6 3.Nc3 Bg7 4.e4 O-O 5.Nf3 d6 6.Be2 e5 7.O-O exd4 8.Nxd4 Re8
9.f3 Nc6 10.Be3 Nh5 11.Qd2 Nf4 12.Rfd1 Nxe2+ 13.Ncxe2 Ne5 14.Rac1 a6 15.b3 Bd7
16.Bg5 f6 17.Bh6 Bh8 18.Be3 Qe7 19.Nf4 c6 20.Nde2 f5 21.exf5 Bxf5 22.Bd4 g5
23.Ng3 Bd7 24.Nfe2 h6 25.Ne4 Bf5 26.N2g3 Bg6 27.f4 gxf4 28.Qxf4 Bg7 29.Bxe5 Qxe5
30.Qxe5 Rxe5 31.Nxd6 b5 32.Rf1 Rf8 33.Rxf8+ Bxf8 34.c5 h5 35.Kf2 Bh6 36.Rc3 Bd2
37.Rf3  1/2-1/2

[Event "WYB18"]
[Site "Oropesa del Mar ESP"]
[Date "2001.10.22"]
[Round "2"]
[White "Seel,C"]
[Black "Khismatullin,D"]
[Result "0-1"]
[WhiteElo "2282"]
[BlackElo "2448"]

1.Nf3 g6 2.c4 Bg7 3.e4 d6 4.d4 Nf6 5.Nc3 O-O 6.Be2 e5 7.O-O Nbd7 8.Be3 h6
9.dxe5 dxe5 10.Qc1 Kh7 11.Rd1 Re8 12.c5 Qe7 13.Nd5 Nxd5 14.exd5 f5 15.c6 Nb6
16.Bc5 Qf7 17.Bb5 Rd8 18.d6 cxd6 19.Bxd6 e4 20.Ne5 Qe6 21.cxb7 Bxb7 22.Qc7 Rxd6
23.Rxd6 Qxe5 24.Rad1 Bd5 25.Ba6 e3 26.fxe3 Qxe3+ 27.Kh1 Re8 28.Bf1 Qf2 29.h3 Re3
30.Kh2 f4 31.R1xd5 Rxh3+  0-1

[Event "WYG18"]
[Site "Oropesa del Mar ESP"]
[Date "2001.10.23"]
[Round "3"]
[White "Srebrnic,A"]
[Black "Calotescu,C"]
[Result "0-1"]
[WhiteElo "2172"]
[BlackElo "2296"]

1.Nf3 Nf6 2.c4 g6 3.Nc3 Bg7 4.e4 d6 5.d4 O-O 6.Be2 e5 7.O-O exd4 8.Nxd4 Re8
9.f3 Nh5 10.f4 c5 11.Ndb5 a6 12.Na3 Nf6 13.Bf3 Nc6 14.Nc2 Be6 15.Qd3 Qb6
16.Be3 Nb4 17.Nxb4 Qxb4 18.b3 Rad8 19.Rac1 Qa5 20.h3 Bc8 21.g4 h6 22.Rf2 b5
23.cxb5 axb5 24.Nxb5 Ba6 25.a4 Bb7 26.Bd2 Qb6 27.Re1 d5 28.e5 Ne4 29.Bxe4 dxe4
30.Qc2 Rd3 31.Be3 Bf8 32.Nd6 Bxd6 33.exd6 Qxd6 34.Qxc5 Qxc5 35.Bxc5 Rxb3
36.Re3 Rd3 37.Rxd3 exd3 38.Rd2 Rc8 39.Be3 Be4 40.a5 Rc1+ 41.Kf2 Rh1 42.a6 Rxh3
43.a7 Rf3+ 44.Kg1 Rxe3 45.Rb2 Re1+ 46.Kf2 Ra1  0-1

[Event "WYB16"]
[Site "Oropesa del Mar ESP"]
[Date "2001.10.25"]
[Round "5"]
[White "Papa,S"]
[Black "Ibarra Jerez,JC"]
[Result "0-1"]
[WhiteElo "2251"]
[BlackElo "2364"]

1.d4 g6 2.c4 Nf6 3.Nc3 Bg7 4.e4 d6 5.Nf3 O-O 6.Be2 e5 7.Be3 h6 8.d5 Ng4 9.Bc1 f5
10.Nd2 Qh4 11.Bxg4 fxg4 12.Qe2 h5 13.Nf1 Nd7 14.Be3 Qe7 15.O-O-O a6 16.Kb1 b5
17.cxb5 axb5 18.Qxb5 Ba6 19.Qb3 Rfb8 20.Qc2 Nb6 21.Nd2 Qe8 22.h3 gxh3 23.Rxh3 Bc8
24.Rhh1 c5 25.f3 Ra7 26.Rc1 Bd7 27.Ka1 Qc8 28.b3 Qa6 29.Rb1 Rba8 30.Rb2 Bf6
31.Rhb1 Bd8 32.b4 Nc4 33.Nxc4 Qxc4 34.bxc5 Ra3 35.Bd2 Qxc5 36.Rb8 Kf7 37.Rxa8 Rxa8
38.Rb7 Ke8 39.Qb2 Rc8  0-1

[Event "World Seniors"]
[Site "Arco ITA"]
[Date "2001.10.26"]
[Round "9"]
[White "Uhlmann,W"]
[Black "Kock,HU"]
[Result "1-0"]
[WhiteElo "2473"]
[BlackElo "2161"]

1.c4 Nf6 2.Nc3 g6 3.e4 d6 4.d4 Bg7 5.Be2 Nbd7 6.Nf3 e5 7.O-O O-O 8.Be3 c6
9.Qc2 Qe7 10.Rad1 Ne8 11.Bd3 Nc7 12.Rfe1 Ne6 13.Bf1 f5 14.d5 Nf4 15.exf5 Rxf5
16.dxc6 bxc6 17.Qd2 Bf8 18.Ne4 d5 19.Ng3 Rf7 20.Bxf4 Rxf4 21.Nxe5 Qf6 22.Nxc6 d4
23.Nxd4 Bb7 24.Ne6 Re4 25.Nxe4  1-0

[Event "WYB16"]
[Site "Oropesa del Mar ESP"]
[Date "2001.10.26"]
[Round "6"]
[White "Cheparinov,I"]
[Black "Porat,S"]
[Result "1/2-1/2"]
[WhiteElo "2461"]
[BlackElo "2365"]

1.d4 Nf6 2.c4 g6 3.Nc3 Bg7 4.e4 d6 5.Nf3 O-O 6.Be2 e5 7.Be3 Qe7 8.dxe5 dxe5
9.Nd5 Qd6 10.c5 Qd8 11.Nxf6+ Bxf6 12.Qb3 Qe7 13.O-O Nc6 14.Rfd1 Rb8 15.h3 Be6
16.Qa4 Rfd8 17.b4 a6 18.a3 Kg7  1/2-1/2

[Event "Chigorin Mem Open"]
[Site "St Petersburg RUS"]
[Date "2001.10.26"]
[Round "1"]
[White "Razuvajeva,J"]
[Black "Kravtsov,S"]
[Result "1/2-1/2"]
[WhiteElo "2206"]
[BlackElo "2422"]

1.d4 Nf6 2.c4 g6 3.Nf3 Bg7 4.Nc3 O-O 5.e4 d6 6.Be2 e5 7.Be3 Ng4 8.Bg5 f6
9.Bc1 Nc6 10.d5 Ne7 11.h3 Nh6 12.h4 Nf7 13.h5 g5 14.Qb3 h6 15.g4 b6  1/2-1/2

[Event "Chigorin Mem Open"]
[Site "St Petersburg RUS"]
[Date "2001.10.27"]
[Round "2"]
[White "Smirnov,Ar"]
[Black "Kazakov,V"]
[Result "1-0"]
[WhiteElo "2283"]
[BlackElo "2005"]

1.d4 Nf6 2.c4 g6 3.Nc3 Bg7 4.e4 O-O 5.Nf3 d6 6.Be2 e5 7.O-O Nbd7 8.Be3 Ng4
9.Bg5 f6 10.Bd2 Nh6 11.Qc2 c6 12.Rad1 Nf7 13.h3 Ng5 14.Nxg5 fxg5 15.d5 a5
16.dxc6 bxc6 17.Be3 Qe7 18.Qd2 h6 19.Qxd6 Qxd6 20.Rxd6 Rf6 21.Rfd1 Rxd6 22.Rxd6 Nf6
23.Rxc6 Bb7 24.Rc7 Bxe4 25.Nxe4 Nxe4 26.Bf3 Rd8 27.Bxe4 Rd1+ 28.Kh2 Rd8 29.c5 Rb8
30.c6 Bf8 31.Rb7 Rc8 32.c7 Kf7 33.Bd5+ Kf6 34.Rb8 Rxc7 35.Rxf8+ Kg7 36.Rg8+ Kf6
37.Bb6  1-0

[Event "WYB18"]
[Site "Oropesa del Mar ESP"]
[Date "2001.10.28"]
[Round "7"]
[White "Werle,J"]
[Black "Khismatullin,D"]
[Result "1-0"]
[WhiteElo "2459"]
[BlackElo "2448"]

1.Nf3 Nf6 2.c4 g6 3.Nc3 Bg7 4.e4 d6 5.d4 O-O 6.Be2 e5 7.O-O Nbd7 8.Be3 Ng4
9.Bg5 f6 10.Bd2 Nh6 11.Qc2 Nf7 12.b4 c6 13.Rad1 b6 14.Bc1 Bb7 15.c5 dxc5
16.bxc5 Qe7 17.cxb6 exd4 18.Nxd4 axb6 19.a4 Rfd8 20.Qb3 Nc5 21.Qxb6 Nxa4
22.Nxa4 Rxa4 23.Nxc6 Bxc6 24.Qxc6 Rxe4 25.Rxd8+ Nxd8 26.Bc4+ Nf7 27.Be3 Qe8
28.Qd5 Re7 29.Ra1 Qd7 30.Ra8+ Bf8 31.Kf1 Kg7 32.Bc5 Qxd5 33.Bxd5 Nh6 34.Bxe7 Bxe7
35.Ra7 Kf8 36.Be6 f5 37.h3 Nf7 38.Ke2 Ng5 39.Bd5 h6 40.Kd3 Nh7 41.Bc4 Nf6
42.Kd4 Ne4 43.Ra8+ Kg7 44.f3 Nd6 45.Bb3 Nb5+ 46.Kc4 Nc7 47.Ra7 Bd6 48.Kd3 Kf6
49.Bc4 Ke5 50.Rb7 g5 51.Rb6 h5 52.g3 Ne6 53.Bxe6 Kxe6 54.f4 gxf4 55.gxf4 Ke7
56.Rxd6 Kxd6 57.Kd4  1-0

[Event "WYB16"]
[Site "Oropesa del Mar ESP"]
[Date "2001.10.28"]
[Round "7"]
[White "Porat,S"]
[Black "Alcazar Jimenez,V"]
[Result "1-0"]
[WhiteElo "2365"]
[BlackElo "2237"]

1.d4 Nf6 2.c4 g6 3.Nc3 Bg7 4.e4 d6 5.Nf3 O-O 6.Be2 e5 7.O-O Na6 8.Re1 c6
9.d5 c5 10.a3 h6 11.Rb1 Nh7 12.b4 f5 13.bxc5 Nxc5 14.Be3 b6 15.Bxc5 bxc5
16.Qa4 Rf6 17.Rb2 Bf8 18.Reb1 Bd7 19.Qa6 Rf7 20.Bd1 Nf6 21.Nd2 Ne8 22.Ba4 Bc8
23.Qb5 Bd7 24.Qb3 Rc8 25.Bxd7 Rxd7 26.Qa4 Nf6 27.Rb7 Rcc7 28.Rb8 Qe7 29.Qa6 h5
30.Ra8 Rb7 31.Rxb7 Rxb7 32.Nb5 Nxe4 33.Nf1 Qh4 34.g3 Qe7 35.a4 f4 36.Rxa7 Rxa7
37.Qxa7 Qg5 38.Qd7 f3 39.Nc7 Nc3 40.Qe6+ Kh8 41.Ne8  1-0

[Event "Chigorin Mem Open"]
[Site "St Petersburg RUS"]
[Date "2001.10.28"]
[Round "3"]
[White "Weetik,V"]
[Black "Khruschiov,A"]
[Result "1/2-1/2"]
[WhiteElo "2290"]
[BlackElo "2402"]

1.Nf3 Nf6 2.d4 g6 3.c4 Bg7 4.Nc3 O-O 5.e4 d6 6.Be2 e5 7.O-O exd4 8.Nxd4 Re8
9.f3 Nc6 10.Be3 Nh5 11.Qd2 f5 12.Nxc6 bxc6 13.c5 d5 14.Bg5 Bf6 15.Bxf6 Nxf6
16.exd5 cxd5 17.Bb5 Bd7 18.c6 Be6 19.Ne2 Qd6 20.Nd4 Bf7 21.Kh1 Re5 22.Qa5 Qc5
23.Rfd1 Ne8 24.Rac1 Qb6 25.Qd2 Nd6 26.Bf1 Rae8 27.b3 R8e7 28.g3 Re8 29.Rc3 Qa5
30.a4 Rb8 31.Rd3 Qxd2 32.R1xd2 Re1 33.Kg2 Be8 34.Rc3 Kf7 35.Rc5 Kf6 36.Rxd5 Re5
37.Rxe5 Kxe5 38.Kf2 g5 39.Ke3 f4+ 40.gxf4+ gxf4+ 41.Kd3 Nf5 42.Re2+ Ne3 43.Kc3 Kd6
44.Re1 Bxc6 45.Nxc6 Kxc6 46.Bd3 Kc5  1/2-1/2

[Event "WYG18"]
[Site "Oropesa del Mar ESP"]
[Date "2001.10.29"]
[Round "8"]
[White "Szymanska,M"]
[Black "Charkhalashvili,I"]
[Result "1/2-1/2"]
[WhiteElo "2170"]
[BlackElo "2319"]

1.d4 Nf6 2.c4 g6 3.Nc3 Bg7 4.e4 d6 5.Nf3 Nbd7 6.Be2 O-O 7.O-O e5 8.Re1 Re8
9.Bf1 h6 10.d5 g5 11.b4 a5 12.Ba3 axb4 13.Bxb4 Bf8 14.a4 Nb8 15.Nb5 Na6 16.Ba3 Nd7
17.Nd2 Ndc5 18.Be2 f5 19.Nc3 Bg7 20.Nb3 Nxe4 21.Nxe4 fxe4 22.Bg4 Bxg4 23.Qxg4 Nb8
24.Bb2 Nd7 25.Qxe4 Nf6 26.Qc2 Qd7 27.Nd2 Rf8 28.Ne4 Nxe4 29.Rxe4 b6 30.Bc3 Ra7
31.Qb3 Rfa8 32.Qb5 Qf5 33.f3 Kh7 34.c5 bxc5  1/2-1/2

[Event "Chigorin Mem Open"]
[Site "St Petersburg RUS"]
[Date "2001.10.29"]
[Round "4"]
[White "Grebionkin,Vl"]
[Black "Slavina,I"]
[Result "1/2-1/2"]
[WhiteElo "2475"]
[BlackElo "2346"]

1.d4 g6 2.c4 Bg7 3.Nc3 Nf6 4.e4 d6 5.Be2 O-O 6.Nf3 e5 7.O-O Nh5 8.Bg5 f6
9.Be3 Nf4 10.Bxf4 exf4 11.Qd2 g5 12.d5 Nd7 13.Rfe1 a6 14.g3 g4 15.Nd4 f3
16.Ne6 Qe7 17.Nxf8 Qxf8 18.Bf1 Ne5 19.Nd1 f5 20.exf5 Bxf5 21.Ne3 a5 22.Nxf5 Qxf5
23.Rac1 b6 24.Qc2 Qh5 25.Re4 Qg6 26.Rce1 h5 27.h4 Rf8 28.Qa4 Rf5 29.Rf4 Rxf4
30.gxf4 g3 31.fxe5 Bxe5 32.Rxe5 dxe5 33.Qc6 Qe4 34.Qe8+ Kg7 35.Qe7+ Kh8 36.Qe8+ Kg7
37.Qe7+ Kh8 38.Qd8+ Kh7 39.Qxc7+ Kg8 40.Qc8+ Kh7 41.Qd7+ Kh8 42.Qe8+ Kg7
43.Qe7+ Kh8 44.Qf8+ Kh7 45.Qf7+ Kh6 46.fxg3 Qd4+ 47.Kh1 e4 48.d6 Qf2 49.Qf4+ Kg7
50.Qg5+ Kf7 51.Qxh5+ Kg7 52.Qe5+ Kf7 53.Qd5+ Kg7 54.Qe5+ Kf7 55.Qf5+ Kg7
56.Qg4+ Kf7 57.Qh3 e3 58.Qf5+ Kg7 59.Qg5+ Kf7 60.Qe7+ Kg8 61.Qe6+ Kg7 62.Qe5+ Kf7
63.Bh3 Qe1+ 64.Kh2 Qf2+ 65.Kh1 Qe1+ 66.Kh2 Qf2+  1/2-1/2

[Event "WYB16"]
[Site "Oropesa del Mar ESP"]
[Date "2001.10.30"]
[Round "9"]
[White "Porat,S"]
[Black "Llobel Cortell,E"]
[Result "1-0"]
[WhiteElo "2365"]
[BlackElo "2376"]

1.d4 Nf6 2.c4 g6 3.Nc3 Bg7 4.e4 d6 5.Nf3 O-O 6.Be2 Na6 7.O-O e5 8.Re1 c6
9.d5 Nc5 10.Qc2 a5 11.Be3 Na6 12.dxc6 bxc6 13.Rad1 Ng4 14.Bg5 f6 15.Bh4 Qc7
16.Qd2 g5 17.Bg3 Rd8 18.h3 Nh6 19.Nh2 Nc5 20.f3 Ne6 21.Bf2 Nd4 22.Bxd4 exd4
23.Qxd4 f5 24.Qd2 f4 25.c5 d5 26.Kh1 Be6 27.exd5 cxd5 28.Bd3 Bf5 29.Nxd5 Qxc5
30.Be4 Rab8 31.b3 Kh8 32.Rc1 Qb5 33.Red1 Be6 34.Qd3 Qxd3 35.Rxd3 Rbc8 36.Rcd1 Rc2
37.Nxf4 Rxd3 38.Bxd3 Rc6 39.Be4 Rb6 40.Nxe6 Rxe6 41.Rd8+ Ng8 42.Kg1 Rf6 43.Bd5 Bf8
44.Ng4 Rf4 45.g3  1-0

[Event "Chigorin Mem Open"]
[Site "St Petersburg RUS"]
[Date "2001.10.30"]
[Round "5"]
[White "Razuvajeva,J"]
[Black "Markarov,A"]
[Result "1/2-1/2"]
[WhiteElo "2206"]
[BlackElo "2317"]

1.Nf3 Nf6 2.c4 g6 3.Nc3 Bg7 4.e4 d6 5.Be2 O-O 6.d4 e5 7.Be3 Ng4 8.Bg5 f6
9.Bh4 Nc6 10.d5 Ne7 11.h3 Nh6 12.g4 Nf7 13.Rg1 c6 14.Qb3 a6 15.O-O-O c5 16.Na4 Rb8
17.Nb6 Bd7 18.Nxd7 Qxd7 19.a4 g5 20.Bg3 Nc8 21.Nd2 Na7 22.Qb6 Qxa4 23.Nb1 Rfc8
24.b3 Qd7 25.Nc3 Ra8 26.Kc2 Rcb8 27.Ra1 Nh8 28.Nb5 Nc8 29.Qc7 Qxc7 30.Nxc7 Ra7
31.h4 Ng6 32.h5 Nf8 33.Kb2 Kf7 34.Ra2 Ke7 35.Rga1 Kd8 36.Nb5 Raa8 37.Nc3 Nb6
38.f3 Rc8 39.Bf2 Nfd7 40.Nd1 Rab8 41.Ne3 Na8 42.Be1 Nc7 43.Kc2 b6 44.Bc3 Rb7
45.Bd3 Bf8 46.Be2 Rcb8 47.Bd3 Ra7 48.Be2 Rba8 49.Bd3 Be7 50.Be2 Nf8 51.Bd3 Kd7
52.Be2 Bd8 53.Bd3 a5 54.Kb2 Na6 55.Be2 Kc7 56.Nf5 Nd7 57.Ra4 Nb4 58.Bd2 Nb8
59.Bc3 Kd7 60.Bd2 N8a6 61.Bc3 Nc7 62.Ne3 Rb7 63.Nf5 Raa7 64.Ne3 b5 65.cxb5 Nxb5
66.Bxb5+ Rxb5 67.Bxb4 cxb4 68.Nc4 Ra6 69.Kc2 Kc8 70.Kd3 Kb7 71.R1a2 Bc7 72.Ra1 Ra8
73.R1a2 Ka6 74.Ra1 Rg8 75.Rg1 Ra8 76.Rga1 Rc8 77.R1a2  1/2-1/2

[Event "FSIM November"]
[Site "Budapest HUN"]
[Date "2001.11.08"]
[Round "6"]
[White "Farago,S"]
[Black "Biro,D"]
[Result "1/2-1/2"]
[WhiteElo "2323"]
[BlackElo "2243"]

1.d4 g6 2.e4 d6 3.c4 Bg7 4.Nc3 Nf6 5.Nf3 O-O 6.Be2 Nbd7 7.O-O e5 8.Be3 c6
9.d5 c5 10.Ne1 Ne8 11.Nd3 f5 12.f3 f4 13.Bf2 g5 14.a3 h5 15.b4 b6 16.a4 a5
17.bxa5 bxa5 18.Rb1 Rf7 19.Nb5 Bf8 20.Nc1 Rg7 21.g4 hxg4 22.fxg4 Rh7 23.Kg2 Qf6
24.h3 Qh6 25.Rh1 Ndf6 26.Bf3 Be7 27.Nb3 Bd8 28.Qe2 Kh8 29.Nxd6 Nxd6 30.Nxc5 Qg6
31.Qd3 Nd7 32.Ne6 Ba6 33.Rb5 Bxb5 34.axb5 Nb7 35.c5 Nbxc5 36.Bxc5 Nxc5 37.Nxc5 Bb6
38.Ne6 Rc8 39.Bd1 Qh6 40.h4 gxh4 41.Kh3 Qf6 42.g5 Qe7 43.Bf3 Qb4 44.Kg4 Rc3
45.Qf1 Kg8 46.g6 Rh8 47.Qh3 Qe7 48.Kf5 Bd8 49.Kxe5 Qf6+ 50.Kd6 Qe7+ 51.Ke5 Qf6+  1/2-1/2

[Event "EuTChw"]
[Site "Leon ESP"]
[Date "2001.11.10"]
[Round "5"]
[White "Wilman,C"]
[Black "Kouvatsou,M"]
[Result "1/2-1/2"]
[WhiteElo "2044"]
[BlackElo "2234"]

1.d4 Nf6 2.c4 g6 3.Nc3 Bg7 4.e4 d6 5.Be2 O-O 6.Nf3 e5 7.dxe5 dxe5 8.Qxd8 Rxd8
9.Bg5 Re8 10.h3 c6 11.O-O-O Nbd7 12.Rhe1 Nc5 13.Bf1 h6 14.Bh4 Nh5 15.Rd8 Kf8
16.Rxe8+ Kxe8 17.g4 Nf4 18.Rd1 g5 19.Bg3 Nce6 20.Bxf4 Nxf4 21.Ne2 Nxe2+ 22.Bxe2 Be6
23.b3 Bf6 24.Ne1 Bd8 25.Nd3 Bc7 26.Rh1 Ke7 27.h4 Rd8 28.hxg5 hxg5 29.Kc2 Rd4
30.f3 Rd8 31.Rh5 Kf6 32.Rh6+ Kg7 33.Rh2 a5 34.a4 Kf6 35.Rh6+ Kg7 36.Rh2 Rd4
37.Nc5 Bc8 38.Rh1  1/2-1/2

[Event "2nd It"]
[Site "Odivelas POR"]
[Date "2001.11.10"]
[Round "5"]
[White "Roeder,M"]
[Black "Strikovic,A"]
[Result "1/2-1/2"]
[WhiteElo "2469"]
[BlackElo "2506"]

1.d4 d6 2.Nf3 Nf6 3.c4 g6 4.Nc3 Bg7 5.e4 O-O 6.Be2 e5 7.dxe5 dxe5 8.Qxd8 Rxd8
9.Nd5 Nxd5 10.cxd5 c6 11.Bc4 cxd5 12.Bxd5 Nd7 13.Bg5 Re8 14.Nd2 Nc5 15.O-O-O Be6
16.Bxe6 Nxe6 17.Be3 Bf8 18.Nb3 a5 19.Kb1 a4 20.Nc1 Bc5 21.Bxc5 Nxc5 22.Nd3 Nxe4  1/2-1/2

[Event "FSIM November"]
[Site "Budapest HUN"]
[Date "2001.11.11"]
[Round "9"]
[White "Blasko,I"]
[Black "Farago,S"]
[Result "0-1"]
[WhiteElo "2310"]
[BlackElo "2323"]

1.d4 Nf6 2.c4 g6 3.Nc3 Bg7 4.e4 d6 5.Nf3 O-O 6.Be2 e5 7.d5 a5 8.Nd2 Na6 9.h4 h5
10.Nf3 Nc5 11.Ng5 c6 12.Be3 cxd5 13.cxd5 Bd7 14.f3 Rb8 15.a4 Rc8 16.Nb5 Qe7
17.Bd2 b6 18.Be3 Ne8 19.Na7 Rc7 20.Nb5 Rb7 21.Bc4 Nc7 22.Qe2 Nxb5 23.axb5 Rc7
24.b3 Rb8 25.g3 f6 26.Bxc5 fxg5 27.Be3 g4 28.O-O gxf3 29.Qxf3 Bh3 30.Bg5 Qd7
31.Rf2 Rf8 32.Qe3 Rcc8 33.Rxf8+ Rxf8 34.Be2 Bg4 35.Rf1 Rc8 36.Bc4 a4 37.Qd3 axb3
38.Bxb3 Rc5 39.Bc4 Qc8 40.Rc1 Rc7 41.Be3 Bf3 42.Kh2 Qg4 43.Bxb6 Rf7 44.Qd2 Bf6
45.Bf2 Bxh4 46.Rg1 Bg5 47.Be3 Bxe3 48.Qxe3 h4 49.Bf1 hxg3+ 50.Rxg3 Rh7+ 51.Bh3 Rxh3+  0-1

[Event "VI It"]
[Site "Montecatini Terme ITA"]
[Date "2001.11.11"]
[Round "11"]
[White "Naumkin,I"]
[Black "Vismara,D"]
[Result "1-0"]
[WhiteElo "2414"]
[BlackElo "2365"]

1.d4 Nf6 2.Nf3 g6 3.c4 Bg7 4.Nc3 O-O 5.e4 d6 6.Be2 e5 7.d5 a5 8.Bg5 h6 9.Bh4 Na6
10.O-O Qe8 11.Nd2 Nh7 12.a3 Bd7 13.b3 h5 14.f3 Bh6 15.Kh1 Be3 16.Rb1 Bc5
17.Qc1 Qb8 18.Na2 Qa7 19.b4 axb4 20.axb4 Be3 21.Nc3 f5 22.Qc2 g5 23.Be1 Kg7
24.exf5 Bxf5 25.Nde4 g4 26.Bh4 gxf3 27.Rxf3 Qd4 28.Bd3 Bxe4 29.Bxe4 Rxf3
30.gxf3 Nf6 31.Qg2+  1-0

[Event "Open A"]
[Site "Genova ITA"]
[Date "2001.11.20"]
[Round "2"]
[White "Squarci,F"]
[Black "Isonzo,D"]
[Result "0-1"]
[WhiteElo "2030"]
[BlackElo "2343"]

1.d4 Nf6 2.c4 g6 3.Nc3 Bg7 4.e4 d6 5.Nf3 O-O 6.Be2 Nbd7 7.O-O e5 8.Be3 c6
9.d5 c5 10.Rb1 Ne8 11.Nd2 f5 12.f3 f4 13.Bf2 h5 14.a3 g5 15.b4 b6 16.Qc2 Rf7
17.Rfc1 Bh6 18.Kf1 Rg7 19.Ke1 g4 20.Bf1 g3 21.hxg3 fxg3 22.Bg1 h4 23.Kd1 Ndf6
24.Qd3 Nh5 25.Be3 Bxe3 26.Qxe3 h3 27.Qg1 h2 28.Qh1 Qg5 29.Rb3 Bd7 30.b5 Nef6
31.Ne2 Rf8 32.Rcc3 Rgf7 33.Kc2 Be8 34.a4 Rh7 35.Nc1 Bg6 36.Kb2  0-1

[Event "ch-ESP Gp B"]
[Site "Cala Mendia, Mallorca ESP"]
[Date "2001.11.21"]
[Round "5"]
[White "San Segundo Carrillo,P"]
[Black "Comas Fabrego,L"]
[Result "1/2-1/2"]
[WhiteElo "2528"]
[BlackElo "2510"]

1.d4 Nf6 2.c4 g6 3.Nc3 Bg7 4.e4 d6 5.Nf3 O-O 6.Be2 Na6 7.O-O e5 8.Re1 Qe8
9.Bg5 exd4 10.Qxd4 Ng4 11.Qd2 Nc5 12.Bd3 f6 13.Bf4 Ne6 14.Bg3 Ne5 15.Be2 Qe7
16.Rad1 Rd8 17.Nd5 Qf7 18.b3 c6 19.Nc3 Qf8 20.Qc1 Bh6 21.Qa3 Nf7 22.Na4 Bd7
23.Bf1 Be8 24.Nd4 Nxd4 25.Rxd4 Bg7 26.Rdd1 f5 27.exf5 b5 28.fxg6  1/2-1/2

[Event "ch-Balkan"]
[Site "Istanbul TUR"]
[Date "2001.11.21"]
[Round "4"]
[White "Erdogan,H"]
[Black "Kose,S"]
[Result "0-1"]
[WhiteElo "2292"]
[BlackElo "2244"]

1.d4 Nf6 2.c4 g6 3.Nc3 Bg7 4.e4 d6 5.Nf3 O-O 6.Be2 Nbd7 7.O-O e5 8.Re1 Ne8
9.a3 c6 10.d5 c5 11.b4 b6 12.Rb1 Qe7 13.Bg5 f6 14.Bd2 Ba6 15.Bd3 Rc8 16.Qe2 Rf7
17.Nb5 Ra8 18.Red1 Qf8 19.Qe3 Bc8 20.Kh1 f5 21.exf5 gxf5 22.Ng5 Bh6 23.Qh3 Bxg5
24.Bxg5 a6 25.Nc3 e4 26.Be2 Ne5 27.bxc5 bxc5 28.Bh6 Qe7 29.Bh5 Ng6 30.Qe3 Nf6
31.Bxg6 hxg6 32.Qg5 Kh7 33.Qh4 Nh5 34.Qxe7 Rxe7 35.Bf8 Re8 36.Bxd6 Ra7 37.Bxc5 Rc7
38.Na4 f4 39.Bd6 Rf7 40.Re1 f3 41.Re3 Ng7 42.gxf3 Nf5 43.Bf4 Nxe3 44.fxe3 exf3
45.Rf1 g5 46.Bxg5 Bh3 47.Rf2 Rf5 48.Bh4 Rxe3 49.Ra2 f2  0-1

[Event "Open A"]
[Site "Genova ITA"]
[Date "2001.11.22"]
[Round "5"]
[White "Laketic,G"]
[Black "Paragua,M"]
[Result "1-0"]
[WhiteElo "2452"]
[BlackElo "2447"]

1.d4 Nf6 2.Nf3 g6 3.c4 Bg7 4.Nc3 O-O 5.e4 d6 6.Be2 e5 7.d5 a5 8.Bg5 h6 9.Bh4 Na6
10.Nd2 Qe8 11.Rb1 Bd7 12.b3 h5 13.a3 Nh7 14.f3 Bh6 15.Bf2 Qe7 16.h4 f5 17.b4 axb4
18.axb4 Nf6 19.Bd3 Rf7 20.Rb2 Raf8 21.Qb1 Bc8 22.Kd1 Rg7 23.Re1 Ne8 24.Nf1 Kh8
25.Ne3 Qf7 26.Rh1 Rfg8 27.Re2 f4 28.Nc2 g5 29.hxg5 Bxg5 30.Ne1 Be7 31.Ra2 h4
32.Bf1 Rh7 33.Na4 Nf6 34.c5 c6 35.dxc6 Nxb4 36.Rd2 dxc5 37.cxb7 Be6 38.Nxc5 Bxc5
39.Bxc5 Bb3+ 40.Ke2 Qc4+ 41.Nd3 Nh5 42.Bxb4 Ng3+ 43.Ke1 Nxh1 44.Qb2 Rxb7
45.Nxe5 Qc8 46.Nf7+ Kh7 47.Nd6 Qf8 48.Qxb3 Rb8 49.e5 Rg7 50.Qc2+ Kh8 51.Bc3 h3
52.gxh3 Rg1 53.Rg2 Rxg2 54.Bxg2 Kg8 55.Qg6+ Qg7 56.Qxg7+ Kxg7 57.e6+  1-0

[Event "ch-ESP Semi-Final"]
[Site "Cala Mendia, Mallorca ESP"]
[Date "2001.11.23"]
[Round "1.2"]
[White "Cacho Reigadas,S"]
[Black "Comas Fabrego,L"]
[Result "1/2-1/2"]
[WhiteElo "2463"]
[BlackElo "2510"]

1.d4 Nf6 2.c4 g6 3.Nc3 Bg7 4.e4 d6 5.Nf3 O-O 6.Be2 Na6 7.O-O e5 8.Re1 c6
9.d5 c5 10.Bg5 Qd7 11.a3 Kh8 12.Nd2 Ng8 13.Bd3 f6 14.Bh4 Nh6 15.Bc2 Nf7 16.Rb1 Qe7
17.b4 Bh6 18.Ba4 Bg5 19.Bxg5 Nxg5 20.Bb5 Nc7 21.bxc5 dxc5 22.Nb3 Nf7 23.Na5 Nd6
24.Ba4 b6 25.Nc6 Qg7 26.Qe2 Bd7 27.Rbd1 Bxc6 28.Bxc6 Rac8 29.Rd2 f5 30.f4 Nce8
31.exf5 exf4 32.Nb5 Nxb5 33.cxb5 Nd6 34.Qe7 Qxe7 35.Rxe7 Nxf5 36.Rxa7 Rcd8
37.a4 Kg8 38.Re2 Rf7 39.Rxf7 Kxf7 40.a5 bxa5 41.b6 Rb8 42.b7 Nd6 43.Kf2 a4
44.Ra2 Nxb7 45.Rxa4 Nd6 46.Rxf4+ Kg7 47.Ra4 Rb2+ 48.Kf3 Kf6 49.Ra7 h5 50.Rd7 Nf5
51.Rc7 Nd4+ 52.Ke4 Re2+ 53.Kd3 Rxg2 54.Be8 Ke5 55.Rxc5 Nf5 56.d6+ Kxd6 57.Ra5 Nh4
58.Ke3 Ke7 59.Bxg6 Nxg6 60.Rxh5 Kf6 61.Kf3 Ra2 62.Rb5 Ne5+ 63.Ke4 Re2+ 64.Kd4 Kf5
65.Rb1 Rd2+ 66.Kc3 Rxh2 67.Rf1+ Ke4 68.Re1+ Kd5 69.Re3 Rh1 70.Rg3 Rc1+ 71.Kd2 Ra1
72.Rg8 Ra2+ 73.Kc3 Ra3+ 74.Kb4 Ra7 75.Rd8+ Ke4 76.Re8 Rc7 77.Rh8 Nc6+ 78.Kc5 Nd4+
79.Kd6 Rc6+ 80.Kd7 Rf6 81.Rh4+ Kd5 82.Rh1 Rf7+ 83.Ke8 Rc7 84.Rd1 Ke5 85.Re1+ Kd5
86.Rd1 Ra7 87.Rd3 Ke6 88.Re3+ Kf6 89.Re1 Nc6 90.Rh1 Re7+ 91.Kf8 Rf7+ 92.Ke8 Re7+
93.Kf8 Rc7 94.Rh6+ Kf5 95.Rh1 Nd4 96.Rf1+ Ke6 97.Re1+ Kf6 98.Ke8 Ra7 99.Kd8 Ne6+
100.Kc8 Ke7 101.Rd1 Nc5 102.Rd2 Ne6 103.Rd1 Ra4 104.Kb7 Rc4 105.Kb6 Nd4 106.Rh1 Kd6
107.Rh6+ Ne6 108.Kb5 Rc1 109.Kb4 Rc8 110.Rh5 Nf4 111.Rf5 Nd5+ 112.Kb3 Kc5
113.Rh5 Rb8+ 114.Kc2 Ra8 115.Rh3 Ra2+ 116.Kb3  1/2-1/2